01122nam a2200265 i 4500001000300000100003200003245013800035246004600173260004600219300002800265500018000293650003800473655001400511700002500525700002900550700002800579700003800607020001800645040000800663041001300671044000800684080002500692008004100717856009800758bg1 aJackson, Albert.d(1943- ).10aWłasny dom :bnaprawa, remont, budowa /cAlbert Jackson, David Day ; tł. Leszek Kulczycki, Hanna Turczyn-Zalewska, Jerzy Woźniak.1 iTyt. oryg. :aCollins complete DIY manual aWarszawa :bHachette Livre Polska,c2008. a549 s. :bil. ;c29 cm. aNa okł. podtyt. : budowa, remont, naprawa. U dołu okł. : modernizacja, malowanie, dekorowanie, projekty, materiały, narzędzia, hydraulika, elektryczność, ogrzewanie. 9aBudownictwo jednorodzinnexremont aPoradniki1 aDay, Davidd(1944- )1 aKulczycki, Leszek.eTł.1 aTurczyn-Zalewska.eTł.1 aWoźniak, Jerzyd(1950- ).eTł. a9788374486620 cBPK1 apolheng aPOL a69.059:728.3](083.1) s pl f |000 0 pol  uhttp://koha.tu.koszalin.pl/cgi-bin/koha/opac-detail.pl?biblionumber=54962yKatalog online BPK